| 000 | 00589nam a2200181Ia 4500 | ||
|---|---|---|---|
| 003 | IN-BaIIA | ||
| 008 | 211028s9999 xx 000 0 eng d | ||
| 020 | _a978-1-316-61194-4 | ||
| 040 | _cIIA Library | ||
| 080 |
_a083:51 _bCOM |
||
| 100 |
_aComrie, L. J _94636 |
||
| 245 | 0 |
_aMathematical tables pt-vol. A :legendre polynomials _blegendre polynomials _cL. J Comrie |
|
| 260 |
_aCambridge _bCambridge University Press _c2016 |
||
| 300 | _a42p. | ||
| 650 |
_aLegendre polynomials _937220 |
||
| 650 |
_aMathematics-tables _92492 |
||
| 942 | _cBK | ||
| 999 |
_c19465 _d19465 |
||